000 00603nam a22002057a 4500
999 _c11350
_d11350
003 AR-CdUCM
008 190403b ||||| |||| 00| 0 spa d
040 _aMUNICIPALIDAD PROVINCIAL DEL CUSCO
_cBIBLIOTECA MUNICIPAL DEL CUSCO
082 _aC / 869.501 /
_bSA17S
100 _aSalas G., Armando
_928674
245 _aSilecnio y Corazón :
_bPoemas /
260 _aCusco :
_bEl Comercio,
_c1952.
300 _a43 páginas ;
_c20 cm.
505 _aContenido:Poemas.
650 _aLiteratura Cusqueña
_97280
650 _aSiglo XX
_98
650 _aPoemas
_9929
942 _2ddc
_cLIBROS
945 _aachl